| 000 | 00539nam a2200217Ia 4500 | ||
|---|---|---|---|
| 003 | GCL | ||
| 008 | 140319s9999 xx 000 0 eng d | ||
| 040 |
_aGCL / _cGCL |
||
| 082 | 0 | 4 |
_a750.561 _bB P |
| 100 | 1 | _aBOPPE, AUGUSTE | |
| 245 | 1 | 0 |
_aLES PEINTRES DU BOSPHORE AU XV111 SIECLE / _cBOPPE, AUGUSTE |
| 260 |
_a[S.N] : _bACR EDITION ، _c1989 |
||
| 300 | _a312 P | ||
| 650 | 0 | 4 | _aDRAWING |
| 650 | 0 | 4 | _aARTS |
| 650 | 0 | 4 | _aMIDDLE EAST |
| 650 | 0 | 4 | _aPAINTING |
| 650 | 0 | 4 | _aPAINTERS |
| 650 | 0 | 4 | _aTURKEY - PAINTERS |
| 942 |
_2ddc _cBK |
||
| 999 |
_c15961 _d15961 |
||